Los sistemas ideológicos de la muerte /
Es común pensar que el miedo refleja la incapacidad del ser humano de aceptar su finitud. En contraposición a esta opinión, Heidegger sugirió que el rechazo a la muerte no es una actitud inherente al ser humano, sino el resultado de asumir una posición colectiva que, a la larga, sume a la persona en...
Kaydedildi:
| Yazar: | |
|---|---|
| Materyal Türü: | Metin |
| Konular: | |
| Etiketler: |
Etiketle
Etiket eklenmemiş, İlk siz ekleyin!
|
MARC
| LEADER | 00000 a a2200000 04500 | ||
|---|---|---|---|
| 001 | 41083 | ||
| 003 | |||
| 040 | |||
| 100 | |a González Campos, Guillermo | ||
| 245 | |a Los sistemas ideológicos de la muerte / |c Guillermo González Campos | ||
| 500 | |a guillermo.gonzalezcampos@ucr.ac.cr | ||
| 520 | |a Es común pensar que el miedo refleja la incapacidad del ser humano de aceptar su finitud. En contraposición a esta opinión, Heidegger sugirió que el rechazo a la muerte no es una actitud inherente al ser humano, sino el resultado de asumir una posición colectiva que, a la larga, sume a la persona en una existencia inauténtica. A partir de esta posición, este artículo desarrolla la idea de que nuestro conocimiento sobre la muerte es de carácter ideológico y que, a través de dos sistemas diferentes (la esperanza y la paliación), se encuentra relacionada no solo con un conjunto de concepciones que versan sobre el morir, sino con conductas prescritas y decisivas normalizadas que constriñen las posibilidades de existencia de los individuos. | ||
| 590 | |a RRA/JUNIO2011 | ||
| 650 | |a 1.MUERTE | ||
| 650 | |a 2.DISCURSOS | ||
| 650 | |a 3.FILOSOFIA | ||
| 650 | |a 4.IDEOLOGIAS | ||
| 650 | |a 5.CONTROL SOCIAL | ||
| 773 | |g volumen88, número2 ( , 2009), páginas 89-100 | ||
| 999 | |c 27304 |d 27304 | ||
